Μαθήματα ωκεανογραφίας

Αποθηκεύτηκε σε:
Λεπτομέρειες βιβλιογραφικής εγγραφής
Κύριος συγγραφέας: Αλμπανάκης, Κωνσταντίνος
Μορφή: Βιβλίο
Γλώσσα:Greek
Δημοσίευση: Θεσσαλονίκη : University Studio Press, 1999
Θέματα:
Ετικέτες: Προσθήκη ετικέτας
Δεν υπάρχουν, Καταχωρήστε ετικέτα πρώτοι!

MARC

LEADER 00000nam a2200000 i 4500
001 1/72825
008 080128s1999 gre d
020 |a 960-12-0803-8 
035 |l 10094219 
040 |a GR-MY-UA  |b gre  |e aacr 
041 0 |a gre 
082 0 |a 551.46  |2 (22) 
100 1 |a Αλμπανάκης, Κωνσταντίνος. 
245 1 0 |a Μαθήματα ωκεανογραφίας /  |c Κωνσταντίνος Αλμπανάκης 
260 |a Θεσσαλονίκη :   |b University Studio Press,   |c 1999 
300 |a 160 σ.;  |b εικ., διαγρ., πίν., σχ.;  |c 24 εκ.  
504 |a Περιέχει βιβλιογραφικές αναφορές 
650 0 0 |a Oceanography  |x Study and teaching. 
852 |a INST  |b LESVOS  |e 20080128  |h 551.46 ΑΛΜ  |p 005100040736  |q 005100040736  |t BK  |y 0 
901 |a BIBL1-2008-1 
909 |a Λ  |b 142164 
922 |a 1ΕΛΗ  |b 200711  |c ΕΠΕΑΕΚ2/ΤΠ  |d Σ. ΠΑΤΑΚΗΣ 
970 |a ΧΑΤΖΗΜΙΧΑΗΛ  |b ΜΑΡΙΑ  |z 2008/01/28